Normal view
MARC view
Entry Personal Name
001 - CONTROL NUMBER
- control field: 44228
003 - CONTROL NUMBER IDENTIFIER
- control field: ARRUPE
005 - DATE AND TIME OF LATEST TRANSACTION
- control field: 20190129101807.0
008 - FIXED-LENGTH DATA ELEMENTS
- fixed length control field: 190129|| aca||aabn | a|a d
040 ## - CATALOGING SOURCE
- Original cataloging agency: ARRUPE
- Transcribing agency: ARRUPE
100 ## - HEADING--PERSONAL NAME
- Personal name: Parry, Elspeth
670 ## - SOURCE DATA FOUND
- Source citation: Work cat.: (ARRUPE)66942: Parry, Elspeth, A guide to the rock art of the Matopo hills, Zimbabwe, 2002